<?xml version="1.0" encoding="UTF-8"?>
<record
    xmlns:xsi="http://www.w3.org/2001/XMLSchema-instance"
    xsi:schemaLocation="http://www.loc.gov/MARC21/slim http://www.loc.gov/standards/marcxml/schema/MARC21slim.xsd"
    xmlns="http://www.loc.gov/MARC21/slim">

  <leader>01410nam a22001457a 4500</leader>
  <datafield tag="999" ind1=" " ind2=" ">
    <subfield code="c">525609</subfield>
    <subfield code="d">525609</subfield>
  </datafield>
  <controlfield tag="008">240327b           ||||| |||| 00| 0 eng d</controlfield>
  <datafield tag="100" ind1=" " ind2=" ">
    <subfield code="a">Singh, Harmanpreet </subfield>
    <subfield code="9">50829</subfield>
  </datafield>
  <datafield tag="245" ind1=" " ind2=" ">
    <subfield code="a">Implementation of right to service: A study of SAS (Sahibzada Ajit Singh) Nagar District, Punjab</subfield>
  </datafield>
  <datafield tag="260" ind1=" " ind2=" ">
    <subfield code="a">Indian Journal of Public Administration  </subfield>
  </datafield>
  <datafield tag="300" ind1=" " ind2=" ">
    <subfield code="a">70(1), Mar, 2024: p.108-123</subfield>
  </datafield>
  <datafield tag="520" ind1=" " ind2=" ">
    <subfield code="a">This article is based on an empirical study and deals with the service users of Sewa Kendras and Saanjh Kendras in the SAS Nagar district of the Punjab state. The article relates to the viewpoints of the service users of Sewa and Saanjh Kendras to assess the perceptions of service users regarding the implementation of the Punjab Right to Service Act, 2011, in the SAS Nagar district. By perception, it tries to figure out the awareness and satisfaction levels of service users regarding the delivery of services at these Kendras working under the Punjab Right to Service Act, 2011. In order to form an estimate of the perception of the service users, an interview schedule was administered to a randomly selected sample of 300 citizens, who were receiving services at Sewa and Saanjh Kendras of all the Tehsils of the SAS Nagar district.- Reproduced 

https://journals.sagepub.com/doi/full/10.1177/00195561231204780
</subfield>
  </datafield>
  <datafield tag="773" ind1=" " ind2=" ">
    <subfield code="a">Indian Journal of Public Administration  </subfield>
  </datafield>
  <datafield tag="906" ind1=" " ind2=" ">
    <subfield code="a">EMPLOYMENT</subfield>
  </datafield>
  <datafield tag="942" ind1=" " ind2=" ">
    <subfield code="c">AR</subfield>
  </datafield>
  <datafield tag="952" ind1=" " ind2=" ">
    <subfield code="0">0</subfield>
    <subfield code="1">0</subfield>
    <subfield code="2">ddc</subfield>
    <subfield code="4">0</subfield>
    <subfield code="7">0</subfield>
    <subfield code="9">400667</subfield>
    <subfield code="a">IIPA</subfield>
    <subfield code="b">IIPA</subfield>
    <subfield code="d">2024-03-27</subfield>
    <subfield code="h">70(1), Mar, 2024: p.108-123</subfield>
    <subfield code="p">AR131405</subfield>
    <subfield code="r">2024-03-27</subfield>
    <subfield code="y">AR</subfield>
  </datafield>
</record>
